| 000 | 00720nam a2200181 i 4500 | ||
|---|---|---|---|
| 001 | 180000 | ||
| 003 | ES-MaACL | ||
| 005 | 20240221063034.0 | ||
| 008 | 120314s1908 sp |||| | spa d | ||
| 100 | 1 |
_aGay, Vicente, _d1876-1949 _956113 |
|
| 245 | 1 | 3 |
_aEl regionalismo ante el nacionalismo y el imperialismo modernos en la formación de los estados _b: discurso pronunciado en el Círculo Liberal de Valladolid el día 25 de marzo de 1908 / _cpor Vicente Gay. |
| 260 |
_aValladolid : _b[s.n.], _c1908 ( _fImpr. Castellana) |
||
| 300 |
_a36 p. ; _c22 cm. |
||
| 650 | 0 | 4 |
_aRegionalismo. _916746 |
| 710 | 2 |
_aCírculo Liberal de Valladolid. _9149605 |
|
| 852 |
_aES-MaACL _jT-726-F-7 |
||
| 999 |
_c180000 _d180000 |
||